| 000 | 01594cam a22004097a 4500 | ||
|---|---|---|---|
| 001 | 000078582 | ||
| 003 | CHAP | ||
| 005 | 20220329141926.0 | ||
| 008 | 980624d1997 cr r 00110 spa d | ||
| 010 | _a75817 | ||
| 011 | _a76789 | ||
| 035 | _a86378 | ||
| 040 | _cCHAP | ||
| 090 | _aFolleto 14904 | ||
| 111 | 0 | 0 |
_aJornadas Regionales de Modernización de Facultades de Agronomía _d(1996 : _cAlgarrobo, Chile) _962183 |
| 245 | 1 | 0 |
_aPonencias y estudios de casos / _c/por Instituto Interamericano de Cooperación para la Agricultura. |
| 260 |
_aSan José, C.R. : _bInstituto Interamericano de Cooperación para la Agricultura. Centro de Educación y Capacitación, _c1997. |
||
| 300 | _a75 p. | ||
| 410 | 2 | 1 | _aIICA |
| 490 | 1 |
_aSerie de publicaciones misceláneas _v; A1 SC-97-09 |
|
| 590 |
_aBATCH-UPD _b10 _c20130110 _lUCH01 _h1554 |
||
| 590 |
_aBATCH-UPD _b10 _c20130410 _lUCH01 _h0951 |
||
| 590 |
_aBATCH-UPD _b10 _c20130914 _lUCH01 _h1242 |
||
| 590 |
_aCONVERSION _b10 _c20130109 _lUCH01 _h1341 |
||
| 590 |
_aE5995AHE _b05 _c20150212 _lUCH01 _h1336 |
||
| 650 | 1 | 4 |
_aEducación agrícola _zAmérica Latina. _935549 |
| 650 | 1 | 4 |
_aEducación superior _xAmérica Latina. _935605 |
| 810 | 0 | 0 |
_aIICA _957371 |
| 830 | 0 |
_aSerie de publicaciones misceláneas _v; A1 SC-97-09 _9104777 |
|
| 901 | _aBK | ||
| 905 | _aAlejandra Carrasco M. | ||
| 942 | _cFOLL | ||
| 942 | _n0 | ||
| 949 |
_aFolleto 14904 _bBC _cFOLL _d33724002123454 _eTS2 _fc.2 _gI.c/e _i86378 _sb |
||
| 949 |
_aFolleto 14904 _bBC _cFOLL _d33724002123538 _eTS2 _fc.3 _gI.c/e _i86378 _sb |
||
| 949 |
_aFolleto 14904 _bBC _cFOLL _d863781 _eTS1 _i86378 _sb |
||
| 999 |
_c75817 _d75817 |
||